• 首页
  • 本馆介绍
  • 公告通知
  • 最新文献
  • 馆藏检索
  • 电子资源
  • 读者导购
  • 参考咨询
  • 我的图书馆
  • 登录
  • 详细信息显示
  • 放入我的书架
  • 预约/预借图书
  • 作者相关作品
  • 分类相关作品
  • 丛书相关作品
  • 出版社相关作品

书目信息

  • 表格格式
  • 工作单格式
  • 卡片格式
题名:
搭建式GIS开发
    
 
作者: 吴信才 主编
分册:  
出版信息: 北京   电子工业出版社  2013.11
页数: 308页
开本: 26cm
丛书名: MapGIS开发系列丛书
单 册:
中图分类: P208.2
科图分类:
主题词: 互联网络--地理信息系统--系统开发 , 互联网络 , 地理信息系统 , 系统开发
电子资源:
ISBN: 978-7-121-21703-6
000 01186oam2 2200301 450
001 0120131174366
005 20140609083743.89
010    @a978-7-121-21703-6@dCNY59.00
100    @a20131129d2013 em y0chiy0110 ea
101 0  @achi
102    @aCN@b110000
105    @aa z 000yy
106    @ar
200 1  @a搭建式GIS开发@9da jian shi GIS kai fa@f吴信才主编
210    @a北京@c电子工业出版社@d2013.11
215    @a308页@c图@d26cm
225 2  @aMapGIS开发系列丛书
330    @a本书共8章,分三部分内容,第一部分为理论部分,介绍MapGIS搭建式GIS开发构建的理论基础,从搭建式GIS开发的技术特点、开发体系、开发框架、关键技术等多个方面展开描述;第二部分和第三部分为搭建式GIS开发篇——C/S和搭建式GIS开发篇——B/S,从简单的系统搭建,到深入的开发扩展,再到最后的项目应用三个层次展开介绍,同时选择具备一定代表性的开发案例,满足不同层次的二次开发用户需求。
333    @a高校相关专业师生
461  0 @12001 @aMapGIS开发系列丛书
606 0  @a互联网络@x地理信息系统@x系统开发
606 0  @a互联网络
606 0  @a地理信息系统
606 0  @a系统开发
690    @aP208.2@v5
701  0 @a吴信才@9wu xin cai@4主编
801  0 @aCN@b人天书店@c20131129
905    @b548260-62@dP208.2@e217@f3
    
    搭建式GIS开发/吴信才主编.-北京:电子工业出版社,2013.11
    308页:图;26cm.-(MapGIS开发系列丛书)
    使用对象:高校相关专业师生
    
    ISBN 978-7-121-21703-6:CNY59.00
    本书共8章,分三部分内容,第一部分为理论部分,介绍MapGIS搭建式GIS开发构建的理论基础,从搭建式GIS开发的技术特点、开发体系、开发框架、关键技术等多个方面展开描述;第二部分和第三部分为搭建式GIS开发篇——C/S和搭建式GIS开发篇——B/S,从简单的系统搭建,到深入的开发扩展,再到最后的项目应用三个层次展开介绍,同时选择具备一定代表性的开发案例,满足不同层次的二次开发用户需求。
●
相关链接 在E读中查询图书 在五车中查询图书 在当当中查询图书 在豆瓣中查询图书


正题名:搭建式GIS开发     索取号:P208.2/217         预约/预借

序号 登录号 条形码 馆藏地/架位号 状态 备注
1 548260   205482609   第二样本阅览室/ [索取号:P208.2/217] 在馆    
2 548261   205482618   第三借阅区/ [索取号:P208.2/217] 在馆    
3 548262   205482627   第三借阅区/ [索取号:P208.2/217] 在馆    
唐山师范学院图书馆 欢迎您!
大连网信软件有限公司© 版权所有